Classement SIGEM école de commerce 2023 - Statistiques

Statistiques générales
  • Ce quiz a été pris 101 fois
  • Le résultat moyen est 12 sur 24
Statistiques - réponses
Classement Ecole % Correct
1 HEC
97%
2 ESSEC
87%
4 EDHEC
81%
5 Emlyon
81%
8 Neoma
79%
3 ESCP
74%
6 SKEMA
69%
10 KEDGE
68%
7 Audencia
66%
9 Grenoble EM
61%
11 Toulouse BS
58%
12 Rennes SB
52%
18 EM Strasbourg
42%
13 Montpellier BS
40%
19 EM Normandie
37%
15 ICN
32%
20 Inseec
31%
14 Burgundy SB
29%
17 Excelia
26%
24 Brest BS
16%
16 IMT BS
15%
21 ISC
15%
23 South Champagne BS
13%
22 ESC Clermont
8%
Aucun quiz correspondant
Distribution des résultats
% des personnes avec chaque résultat
Percentile par nombre de réponses
Votre historique - résultats
Vous n’avez pas pris ce quiz